Introducción a la teoría general de la administración
Saved in:
| Main Author: | |
|---|---|
| Format: | Book |
| Language: | Spanish |
| Published: |
Bogotá
McGraw-Hill
1995
|
| Edition: | 2a. ed |
| Subjects: | |
| Tags: |
Add Tag
No Tags, Be the first to tag this record!
|
MARC
| LEADER | 00000nam a2200000 a 4500 | ||
|---|---|---|---|
| 001 | UCZ6913 | ||
| 003 | CL-VaPUC | ||
| 008 | 951219e19950000CK |||||||||||||||||spa|d | ||
| 082 | 0 | 4 | |a 658 |b CHI |2 21 |
| 100 | |a Chiavenato, Idalberto |e autor |9 88 | ||
| 245 | 1 | 0 | |a Introducción a la teoría general de la administración |
| 250 | |a 2a. ed | ||
| 300 | |a 880 p | ||
| 942 | |c BK | ||
| 945 | |d 19951219 00:00:00 |a rleighto | ||
| 260 | |a Bogotá |b McGraw-Hill |c 1995 | ||
| 650 | 0 | |a Administración |9 259325 | |
| 650 | 0 | |a Relaciones humanas |9 307340 | |
| 650 | 0 | |a Organizaciones |9 337993 | |
| 650 | 7 | |a TEORIAS |2 CL-VaPUC |9 306425 | |
| 650 | 0 | |a Cibernética |9 270269 | |
| 650 | 0 | |a Productos industriales |9 351544 | |
| 583 | |a last modification |c 20140528 11:41:19 |k Rodrigo Vera | ||
| 999 | |c 243059 |d 243057 | ||
| 952 | |0 0 |1 0 |4 0 |6 658_000000000000000_CHI_1995 |7 0 |8 A |9 256448 |a BIBING |b BIBING |d 2019-11-19 |i 3339718 |o 658 CHI 1995 |p 3339718 |r 2023-03-02 |w 2019-11-19 |y BK |k EII | ||
| 952 | |0 0 |1 0 |4 0 |6 658_000000000000000_CHI_1995 |7 0 |8 A |9 256449 |a BIBING |b BIBING |d 2019-11-19 |i 3339726 |o 658 CHI 1995 |p 3339726 |r 2023-03-02 |w 2019-11-19 |y BK |k EII | ||
| 952 | |0 0 |1 0 |4 0 |6 658_000000000000000_CHI_1995 |7 0 |8 A |9 256450 |a BIBING |b BIBING |d 2019-11-19 |i 3339734 |o 658 CHI 1995 |p 3339734 |r 2023-03-02 |w 2019-11-19 |y BK |k EII | ||
| 952 | |0 0 |1 0 |4 0 |6 658_000000000000000_CHI_1995 |7 0 |8 A |9 256451 |a BIBING |b BIBING |d 2019-11-19 |i 3339742 |l 6 |o 658 CHI 1995 |p 3339742 |r 2025-01-20 |s 2023-08-14 |w 2019-11-19 |y BK |k EII | ||
| 952 | |0 0 |1 0 |4 0 |6 658_000000000000000_CHI_1995 |7 0 |8 A |9 256452 |a BIBING |b BIBING |d 2019-11-19 |i 361459K |o 658 CHI 1995 |p 361459K |r 2023-03-02 |w 2019-11-19 |y BK |k EII | ||
| 952 | |0 0 |1 0 |4 0 |6 658_000000000000000_CHI_1995 |7 0 |8 A |9 256453 |a BIBING |b BIBING |d 2019-11-19 |i 3614603 |o 658 CHI 1995 |p 3614603 |r 2023-03-02 |w 2019-11-19 |y BK |k EII | ||
| 952 | |0 0 |1 0 |4 0 |6 658_000000000000000_CHI_1995 |7 0 |8 A |9 256454 |a BIBING |b BIBING |d 2019-11-19 |i 3614611 |o 658 CHI 1995 |p 3614611 |r 2023-03-02 |w 2019-11-19 |y BK |k EII | ||
| 952 | |0 0 |1 0 |4 0 |6 658_000000000000000_CHI_1995 |7 0 |8 A |9 256455 |a BIBING |b BIBING |d 2019-11-19 |i 361462K |o 658 CHI 1995 |p 361462K |r 2023-03-02 |w 2019-11-19 |y BK |k EII | ||
| 952 | |0 0 |1 0 |4 0 |6 658_000000000000000_CHI_1995 |7 0 |8 A |9 256457 |a BIBENE |b BIBENE |d 2019-11-19 |i 3162109 |o 658 CHI 1995 |p 3162109 |r 2025-01-15 |w 2019-11-19 |y BK |k ICO | ||
| 952 | |0 0 |1 0 |4 0 |6 658_000000000000000_CHI_1995 |7 0 |8 A |9 256459 |a BIBGIM |b BIBGIM |d 2019-11-19 |i 3416143 |l 1 |o 658 CHI 1995 |p 3416143 |r 2025-01-15 |s 2023-08-30 |w 2019-11-19 |y BK |k GIM | ||
| 952 | |0 0 |1 0 |4 0 |6 658_000000000000000_CHI_1995 |7 0 |8 A |9 256460 |a BIBGIM |b BIBGIM |d 2019-11-19 |i 3416151 |o 658 CHI 1995 |p 3416151 |r 2025-01-15 |w 2019-11-19 |y BK |k GIM | ||
| 952 | |0 0 |1 0 |4 0 |6 658_000000000000000_CHI_1995 |7 0 |8 A |9 256461 |a BIBCUR |b BIBCUR |d 2019-11-19 |i 3535665 |o 658 CHI 1995 |p 3535665 |r 2025-04-22 |w 2019-11-19 |y BK |k PER | ||
| 952 | |0 0 |1 0 |4 0 |6 658_000000000000000_CHI_1995 |7 0 |8 A |9 256462 |a BIBEDU |b BIBEDU |d 2019-11-19 |i 3163857 |o 658 CHI 1995 |p 3163857 |r 2019-11-19 |w 2019-11-19 |y BK |k EDU | ||